| 000 | 00877nas a2200265 4500 | ||
|---|---|---|---|
| 001 | BR0304593 | ||
| 003 | BR-BrBNA | ||
| 005 | 20231205104051.0 | ||
| 007 | ta | ||
| 008 | 230509b bl.|||p| |||| 00| 00por d | ||
| 040 |
_aBR-BrBNA _bpor _cBiblioteca Nacional de Agricultura |
||
| 041 | _a(Pt) | ||
| 072 | _aF04 | ||
| 100 | 1 | _aSantos, V.S. dos | |
| 100 | 1 | _aCampelo Júnior, J.H. | |
| 245 | 1 | _aInfluência dos elementos meteorológicos na produção de adubos verdes, em diferentes épocas de semeadura | |
| 650 | _aCANHAMO DA INDIA | ||
| 650 | _aMUCUNA PRETA | ||
| 650 | _aADUBO VERDE | ||
| 650 | _aPRODUÇÃO AGRÍCOLA | ||
| 650 | _aÉPOCA DE SEMEADURA | ||
| 773 | 0 |
_tRevista Brasileira de Engenharia Agrícola e Ambiental (Brazil) _xISSN 1415-4366 _g(Jan-Apr 2003), v. 7(1) p. 91-98 _wBR0304593 |
|
| 909 |
_a202311 _bLúcia _c55 _dLúcia Elande |
||
| 942 |
_2AGRIS _n0 _cANA |
||
| 999 |
_c176169 _d176169 |
||